| 000 | 00379nam a2200133Ia 4500 | ||
|---|---|---|---|
| 008 | 230917s9999||||xx |||||||||||||| ||und|| | ||
| 040 |
_e93650 _aMAIN |
||
| 041 | _aEnglish | ||
| 082 | _a677 S64E | ||
| 100 | _aSingh, Anand Mohan | ||
| 245 | 0 | _aEffect of fabric sett, filtration time & particle size distrubution on the filtration characteristics | |
| 300 | _a52 p. | ||
| 942 | _cTH | ||
| 999 |
_c86300 _d86300 |
||